| 000 | 01036cam a2200325 a 4500 | ||
|---|---|---|---|
| 001 | 17483120 | ||
| 003 | PILC | ||
| 005 | 20150617103611.0 | ||
| 008 | 121003s2012 nyu d 000 1 eng | ||
| 010 | _a 2012454979 | ||
| 020 | _a9781423140573 (hardcover) | ||
| 040 |
_aDLC _cDLC |
||
| 042 |
_apcc _alcac |
||
| 050 | 0 | 0 |
_aPZ 7.R4829 Se _b 2012 |
| 082 | 0 | 0 | _a[Fic] |
| 100 | 1 | _aRiordan, Rick. | |
| 245 | 1 | 4 |
_aThe serpent's shadow / _cRick Riordan. |
| 250 | _a1st ed. | ||
| 260 |
_aNew York : _bDisney/Hyperion Books, _cc2012. |
||
| 300 |
_aviii, 406 p. ; _c22 cm. |
||
| 490 | 0 |
_aThe Kane chronicles ; _vbk. 3 |
|
| 650 | 1 |
_aAdventure and adventurers _vFiction. |
|
| 650 | 1 |
_aVoyages and travels _vFiction. |
|
| 650 | 1 |
_aMythology, Egyptian _vFiction. |
|
| 650 | 1 |
_aMagic _vFiction. |
|
| 650 | 1 |
_aBrothers and sisters _vFiction. |
|
| 906 |
_a7 _bcbc _corignew _d1 _encip _f20 _gy-gencatlg |
||
| 942 |
_2lcc _cBK |
||
| 999 |
_c286461 _d286461 |
||